Statistics for 90-Second Maths Sprint #2

Click here to take the quiz!

General Stats

  • This quiz has been taken 944 times
  • The average score is 17 of 21

Answer Stats

Hint Answer % Correct
x255
99%
U-30110
95%
/480
94%
D+13620
94%
x2156
94%
-113312
93%
A+21199
91%
Tx1710
91%
/22220
89%
170-8170
89%
I-68162
86%
/294
82%
+1647
79%
x87
79%
A/963
76%
C-1556
76%
x341
73%
R+17123
71%
/2140
67%
Q70
65%
QUADRATIC
30%

Score Distribution

Percentile by Number Answered

Percent of People with Each Score

Your Score History

You have not taken this quiz